000 00373nam a2200145Ia 4500
008 230917s9999||||xx |||||||||||||| ||und||
040 _e160798
_aMAIN
041 _aEnglish
082 _a658.3 P432P
100 _aJawahar, P David, ed.
245 0 _aPerspective on HR and IT management
260 _aNew Delhi
_bExcel Books
_c2007
300 _axvi, 378 p.
942 _cBK
999 _c153208
_d153208